Sports Quiz

Random Sports or Basketball Quiz

Every NBA Triple Double Player (Western Conference) Quiz Stats

 Plays Quiz not verified by Sporcle

Score 0/148 Timer 15:00
0 Plays Today
Team Player % Correct
Houston RocketsJames Harden
96.7%
Dallas MavericksDirk Nowitzki
96.4%
Los Angeles ClippersChris Paul
96.4%
Los Angeles LakersKobe Bryant
96.4%
New Orleans PelicansChris Paul
96.4%
Golden State WarriorsStephen Curry
96.2%
Dallas MavericksSteve Nash
96%
Phoenix SunsSteve Nash
96%
Golden State WarriorsBaron Davis
95.8%
Los Angeles ClippersBaron Davis
95.8%
New Orleans PelicansBaron Davis
95.8%
Oklahoma City ThunderRussell Westbrook
95.3%
Oklahoma City ThunderKevin Durant
95.1%
Dallas MavericksJason Kidd
94.7%
Phoenix SunsJason Kidd
94.7%
Los Angeles ClippersBlake Griffin
94.4%
Memphis GrizzliesPau Gasol
94.4%
Los Angeles LakersPau Gasol
94.4%
Golden State WarriorsDraymond Green
93.8%
Denver NuggetsCarmelo Anthony
93.6%
San Antonio SpursTony Parker
92.9%
San Antonio SpursTim Duncan
92.7%
San Antonio SpursDavid Robinson
92%
Los Angeles LakersKarl Malone
91.8%
Utah JazzKarl Malone
91.8%
Minnesota TimberwolvesKevin Garnett
89.1%
Sacramento KingsDeMarcus Cousins
88.7%
Los Angeles LakersMagic Johnson
88.4%
Los Angeles LakersGary Payton
88.2%
Oklahoma City ThunderGary Payton
88.2%
Phoenix SunsKevin Johnson
88%
Denver NuggetsReggie Williams
87.1%
Minnesota TimberwolvesMicheal Williams
87.1%
Houston RocketsHakeem Olajuwon
85.3%
Houston RocketsTracy McGrady
85.1%
Minnesota TimberwolvesRicky Rubio
84.9%
Golden State WarriorsChris Webber
84.2%
Sacramento KingsChris Webber
84.2%
Houston RocketsClyde Drexler
83.8%
Portland Trail BlazersClyde Drexler
83.8%
Minnesota TimberwolvesKevin Love
82.7%
Oklahoma City ThunderSerge Ibaka
82.2%
Denver NuggetsMark Jackson
81.1%
Golden State WarriorsStephen Jackson
81.1%
Los Angeles ClippersMark Jackson
81.1%
Minnesota TimberwolvesBobby Jackson
81.1%
Houston RocketsCharles Barkley
80.9%
Phoenix SunsCharles Barkley
80.9%
New Orleans PelicansTyreke Evans
80.7%
Sacramento KingsTyreke Evans
80.7%
Team Player % Correct
New Orleans PelicansJarrett Jack
80.2%
Los Angeles ClippersLamar Odom
80%
Los Angeles LakersLamar Odom
80%
Portland Trail BlazersBrandon Roy
78.4%
Utah JazzCarlos Boozer
77.1%
Dallas MavericksMichael Finley
76.9%
Los Angeles ClippersElton Brand
76.9%
Oklahoma City ThunderShawn Kemp
76.4%
Oklahoma City ThunderRay Allen
76%
Denver NuggetsAndre Miller
75.8%
Los Angeles ClippersAndre Miller
75.8%
Memphis GrizzliesMike Bibby
75.8%
Sacramento KingsMike Bibby
75.8%
Portland Trail BlazersNicolas Batum
75.6%
Memphis GrizzliesMike Miller
75.3%
Phoenix SunsOliver Miller
75.3%
Sacramento KingsBrad Miller
75.3%
Golden State WarriorsChris Mullin
75.1%
Utah JazzAndrei Kirilenko
74.9%
Houston RocketsSteve Francis
74.7%
Golden State WarriorsDavid Lee
73.8%
Sacramento KingsMitch Richmond
72.7%
Golden State WarriorsTim Hardaway
70.2%
Phoenix SunsAnfernee Hardaway
70%
Los Angeles LakersVlade Divac
69.3%
Phoenix SunsEric Bledsoe
69.3%
Sacramento KingsVlade Divac
69.3%
Minnesota TimberwolvesSam Cassell
67.6%
Los Angeles ClippersPooh Richardson
66.7%
Minnesota TimberwolvesChauncey Billups
66%
Memphis GrizzliesShareef Abdur-Rahim
64.9%
Golden State WarriorsLatrell Sprewell
62.4%
Portland Trail BlazersTerry Porter
62.4%
Portland Trail BlazersDamon Stoudamire
60.9%
Houston RocketsGoran Dragić
60.7%
Sacramento KingsKenny Thomas
59.8%
Sacramento KingsIsaiah Thomas
59.8%
Houston RocketsJeremy Lin
57.8%
Denver NuggetsDikembe Mutombo
57.1%
Los Angeles ClippersDerek Anderson
57.1%
San Antonio SpursWillie Anderson
57.1%
Denver NuggetsMarcus Camby
56%
New Orleans PelicansJamal Mashburn
55.6%
Houston RocketsTrevor Ariza
55.1%
Dallas MavericksMark Aguirre
54.2%
Denver NuggetsAndre Iguodala
53.3%
Los Angeles ClippersRon Harper
50.7%
Houston RocketsScottie Pippen
49.1%
Utah JazzMark Eaton
49.1%
New Orleans PelicansDarren Collison
48.4%
Team Player % Correct
Dallas MavericksDetlef Schrempf
46.7%
San Antonio SpursAlvin Robertson
46.7%
Houston RocketsOtis Thorpe
45.6%
Portland Trail BlazersJerome Kersey
44.7%
Dallas MavericksAntoine Walker
44.4%
Los Angeles ClippersDanny Manning
44.4%
Phoenix SunsJeff Hornacek
42.2%
Houston RocketsCedric Maxwell
40.7%
Phoenix SunsBoris Diaw
40.7%
Los Angeles LakersSam Perkins
38.7%
Denver NuggetsFat Lever
38.4%
Denver NuggetsMichael Adams
37.8%
Phoenix SunsAlvan Adams
37.8%
Dallas MavericksShawn Bradley
37.6%
Los Angeles ClippersGary Grant
32.7%
Houston RocketsKyle Lowry
31.6%
Minnesota TimberwolvesTerrell Brandon
30.9%
Portland Trail BlazersRod Strickland
28.2%
Houston RocketsChuck Hayes
28%
Oklahoma City ThunderNate McMillan
27.1%
San Antonio SpursMike Mitchell
26%
Houston RocketsSleepy Floyd
25.3%
Denver NuggetsRodney White
25.1%
Sacramento KingsLionel Simmons
21.6%
Phoenix SunsLarry Nance
20%
Sacramento KingsReggie Theus
19.6%
Los Angeles ClippersSteve Blake
18.2%
Los Angeles LakersSteve Blake
18.2%
Oklahoma City ThunderEarl Watson
16%
Sacramento KingsDanny Ainge
15.8%
Memphis GrizzliesBlue Edwards
15.3%
Golden State WarriorsMookie Blaylock
14.4%
Sacramento KingsJohn Salmons
14%
Dallas MavericksRodney McCray
13.8%
Houston RocketsRodney McCray
13.8%
Sacramento KingsRodney McCray
13.8%
New Orleans PelicansGreivis Vásquez
12.7%
Minnesota TimberwolvesJ.J. Barea
12.7%
Sacramento KingsBeno Udrih
12.4%
Los Angeles ClippersKen Norman
11.8%
Los Angeles ClippersBenoit Benjamin
11.6%
Denver NuggetsRobert Pack
11.1%
Los Angeles ClippersJeff McInnis
10.9%
Denver NuggetsJames Posey
10.4%
Minnesota TimberwolvesTyrone Corbin
7.8%
Houston RocketsLewis Lloyd
6.7%
San Antonio SpursDave Greenwood
5.6%
Golden State WarriorsWinston Garland
4%

You're not logged in!

Compare scores with friends on all Sporcle quizzes.
OR
Log In

Sporcle TV

Today on Sporcle TV


Watch our educational content, quiz creation guides, and fun videos on Sporcle TV.

Show Comments

Extras

Top Quizzes Today


Score Distribution

Your Account Isn't Verified!

In order to create a playlist on Sporcle, you need to verify the email address you used during registration. Go to your Sporcle Settings to finish the process.

Report this User

Report this user for behavior that violates our Community Guidelines.

Details: